00233nam a22000977a 4500008004100000082001100041245004600052260000900098300001000107440001800117180803b xxu||||| |||| 00| 0 eng d a813.52 aPediatrics an Interactive ProgramcBraner c1999 a1fCD x9780721676128